UK Cities That Are In The Top 1200 Global Cities By Population - Statistics

General Stats
  • This quiz has been taken 202 times
  • The average score is 12 of 16
Answer Stats
City Pop. Answer % Correct
9.5M+ London
100%
2.7M+ Manchester
98%
2.6M+ Birmingham
95%
900K+ Liverpool
95%
1.6M+ Glasgow
94%
500K+ Edinburgh
92%
800K+ Newcastle
83%
700K+ Bristol
82%
600K+ Belfast
75%
800K+ Nottingham
75%
700K+ Sheffield
75%
900K+ Southhampton
73%
500K+ Leicester
64%
600K+ Brighton
55%
500K+ Bournemouth
24%
1.9M+ West Yorkshire
10%
No matching quizzes found
Score Distribution
Percent of People with Each Score
Percentile by Number Answered
Your Score History
You have not taken this quiz